The Malay dilemma /

Bibliographic Details
Main Author: Mahathir bin Mohamad, Dato' Seri, 1925-
Format: Book
Published: K.L: Federal Publications, 1982.
Subjects:
LEADER 00708cam a2200205 7i4500
001 0000042026
005 20151104090000.0
005 ##20151104152700.0
002 ##000002224
003 ##MY-KlINT
008 151104 00010 eng
039 # 9 |y 201511041527  |z VLOAD 
090 0 0 |a 323.119920595 MAH  
100 1 # |a Mahathir bin Mohamad, Dato' Seri, 1925- 
245 0 4 |a The Malay dilemma /   |c Mahathir bin Mohamad. 
260 # # |a K.L:   |b Federal Publications,   |c 1982. 
300 # # |a vi, 188 p;   |c 21cm. 
505 0 # |a It deals frankly with the problem of racial harmony in Malaysia, where roughly half the population is Malay and half non-Malay. 
650 # 0 |a Malaysia-Politics and government  
650 # 0 |a Poltical situation-Malaysia